00649cam a22002531 4500001001300000003000400013005001700017008004100034010001700075035002000092040001800112042001200130043001200142050001700154100002500171245002600196260001000222300002400232500001400256500005300270650002800323650002700351999001700378sa 62000483 DLC20260227111914.0890824s1962 ii 000 0 hino  asa 62000483  a(OCoLC)20244134 aDLCcWaUdDLC apremarc aa-ii---00aHD7219b.S471 aSharma, Vidya Sagar.10aSamāja kalyāṇa. c1962. a163, [1] p.c19 cm. aIn Hindi. aL.C. copy imperfect: all after p. [164] wanting. 0aSocial securityzIndia. 0aPublic welfarezIndia. c52955d52955